000 00336nam a2200145Ia 4500
008 150201s1995 xx 000 0 und d
082 _a610
_bI1995M
100 _aMALIK,SANJEEV
245 _aINDIAN DRUG REVIEW
250 _a1ST
260 _bAMHP PUBLICATION
_aDELHI
_c1995
300 _a1-496
650 _aMEDICINE
942 _2ddc
_cBK
999 _c3039
_d3039